| 000 | 01629nam0a22003371 4500 | ||
|---|---|---|---|
| 001 | rc\3388025 | ||
| 005 | 20130115154212.5 | ||
| 021 |
_aRU _b[73-958] |
||
| 035 | _a(NLR Aleph) 007537394 | ||
| 090 |
_a7773363 _c7773363 |
||
| 100 | _a20130115d1972 |||y0rusy50 ca | ||
| 101 | 0 | _arus | |
| 102 | _aRU | ||
| 105 | _ay z ||||| | ||
| 200 | 1 |
_aАмериканская историография внешней политики США. 1945-1970 _f[Под общ. ред. и с предисл. д-ра ист. наук Г.Н. Севостьянова] _gАН СССР. Ин-т всеобщей истории |
|
| 210 |
_aМосква _cНаука _d1972 |
||
| 215 |
_a403 с. _d22 |
||
| 300 | _aВ огл. авт.: Г.А. Трофименко, А.А. Каренин, А.Г. Елецкий и др. | ||
| 320 | _aУказ. имен: с. 394-401 | ||
| 532 | 1 | 2 | _aАмериканская историография внешней политики Соединенных Штатов Америки. 1945-1970 |
| 606 |
_aВнешняя политика США _xИсториография американская _2psbo |
||
| 701 | 1 |
_aЕлецкий _bА. Г. |
|
| 701 | 1 |
_aТрофименко _bГ. А. _gГенрих Александрович |
|
| 701 | 1 |
_aКаренин _bА. А. |
|
| 702 | 1 |
_aСевостьянов _bГ. Н. _f1916-2013 _gГригорий Николаевич _3RU\NLR\auth\773402 _4340 _4080 |
|
| 712 | 0 | 2 |
_aИнститут всеобщей истории _cМосква _3RU\NLR\AUTH\883374 |
| 801 | 0 |
_aRU _bNLR _gpsbo |
|
| 801 | 1 |
_aRU _bELAR _2rusmarc |
|
| 852 |
_aNLR _j72-5/4928 |
||
| 942 | _cBOOK | ||
| 980 | _aNB | ||